Endocrinología de la reproducción : (Registro nro. 12681)

Detalles MARC
000 -CABECERA
Longitud fija campo de control 01097nam a2200205 a 4500
003 - • IDENTIFICADOR DELl NÚMERO DE CONTROL
Identificador del número de control CO-ViMGA
008 - • CÓDIGOS DE INFORMACIÓN DE LONGITUD FIJA
Códigos de información de longitud fija 141112s2004 ck r 000 u spa d
040 ## - FUENTE DE LA CATALOGACIÓN
Centro catalogador de origen CO-ViMGA
Lengua de catalogación spa
Centro transcriptor CO-ViMGA
082 04 - • NÚMERO DE LA CLASIFICACIÓN DECIMAL DEWEY
Número de clasificación (R) 616.42 Y35
100 1# - • PUNTO DE ACCESO PRINCIPAL-NOMBRE DE PERSONA
Nombre de persona Yen, Samuel S.C
245 10 - • TITULO PROPIAMENTE DICHO
Título Endocrinología de la reproducción :
Resto del título fisiología y manejo clínico /
Mención de responsabilidad, etc. Yen Samuel S.C , Jaffe Robert B.
250 ## - • MENCIÓN DE EDICIÓN
Mención de edición 3a
300 ## - • DESCRIPCIÓN FÍSICA
Extensión 1038 p : il
505 ## - • NOTA DE CONTENIDO CON FORMATO
Nota de contenido con formato Regulación endocrina del sistema reproductor Mecanismos neuroendocrinos; Hormonas gonadotróficas; Hormonas esteroides; Endometrio; Prolactina en la reproducción; menopausia y periodo perimenopausico 434 - - Fisiopatología Citogenética en la endocrinologia de la reproducción; Transtornos del desarrollo sexual; Infertilidad; Hipogonadismo; Secreción hormonal ectópica; Hormonas anticonceptivas y su uso clínico 836 - - Alteraciones endocrinas y metebólicas inducidas por el embarazo 913
650 14 - • PUNTO DE ACCESO ADICIONAL DE MATERIA - TÉRMINO DE MATERIA
Término de materia o nombre geográfico como elemento inicial ENDOCRINOLOGIA
650 14 - • PUNTO DE ACCESO ADICIONAL DE MATERIA - TÉRMINO DE MATERIA
Término de materia o nombre geográfico como elemento inicial REPRODUCCION SEXUAL
942 ## - ENTRADA DE ELEMENTOS AGREGADOS (KOHA)
Fuente de clasificaión o esquema Dewey Decimal Classification
Koha [por defecto] tipo de item LIbro
Existencias
Perdido Fuente de clasificación o esquema Estado Físico No para préstamo Forma de adquisición Localización permanente Localización actual Fecha adquisición Serie de enumeración / cronolog&íacute;a Préstamos totales Signatura completa Código de barras Fecha última consulta Número de copia Fecha del precio de reemplazo Tipo de item de Koha
  Dewey Decimal Classification     Sala Especializada Tercer Piso Biblioteca Pública Germán Arciniegas - Villavicencio Biblioteca Pública Germán Arciniegas - Villavicencio 12/04/2015 Volumen. 1 | 11/jun/2009   616.42 Y35 00841 12/04/2015 Ej. 1 12/04/2015 LIbro









Instituto Departamental de Cultura del Meta - Red Departamental de Bibliotecas Públicas del Meta.